Statystyki dla Państwa kończące się na „ja”

Kliknij tutaj aby rozwiązać quiz!

Ogólne statystyki

  • Ten quiz został rozwiązany 59 razy
  • Średni wynik to 8 z 12

Statystyki odpowiedzi

Nazwa państwa% Poprawnych
Francja
74%
Szwecja
74%
Grecja
72%
Indonezja
72%
Malezja
70%
Gruzja
68%
Rosja
66%
Turcja
66%
Słowacja
62%
Chorwacja
57%
Tunezja
55%
Mikronezja
47%

Rozkład punktacji

Percentyl według liczby udzielonych odpowiedzi

Procent ludzi z każdym wynikiem

Twoja historia wyników

Nie rozwiązałeś tego quizu